LDR 01691naa#a2200277#i#450# 001 RU\\bibl\121053 005 20260606100716.6 011 ## _a1998-6785 100 ## _a20220921b2022####ek#y0rusy0150####ca 102 ## _aRU 200 1# _aМихаил Бахтин и формирование современной парадигмы гуманитарного знания в странах Восточной и Юго-Восточной Азии. Аналитический обзор публикаций _eЖурнальная статья 210 1# _aВладивосток _cФедеральное государственное бюджетное образовательное учреждение высшего образования "Владивостокский государственный университет" _d2022 215 ## _a14 с. 608 ## _aЖурнальная статья _2local 675 ## _aЛичность и призвание (назначение) философов. 101.9 _z 700 #1 _aЯчин _gСергей Евгеньевич 700 #1 _aДеменчук _gПавел Юрьевич 700 #1 _aЧернявина _gЮлия Андреевна 700 #1 _aДженжера _gДенис Владимирович 700 #1 _aГуршалов _gНикита Александрович 700 #1 _aНаделяев _gАнатолий Олегович 700 #1 _aЧосов _gДмитрий Викторович 700 #1 _aСвидин _gРуслан Дмитриевич 700 #1 _aМаньковский _gКирилл Леонидович 700 #1 _aИванченко _gМарина Александровна 856 4# _aojkum.editorum.ru _u